I sei paesi più vicini: lo Yemen - Statistics

Statistiche generali
  • Questo quiz è stato fatto 21 volte
  • Il punteggio medio è 5 su 6
Statistiche sulle risposte
km paese % Corretto
0 Oman
100%
0 Arabia Saudita
95%
29 Eritrea
95%
133 Somalia
95%
109 Etiopia
86%
20 Gibuti
76%
Nessun quiz corrispondente trovato
Distribuzione punteggi
Percentuale di utenti per punteggio
Percentile per numero di risposta
I tuoi punteggi nel tempo
Non hai fatto questo quiz